000 00779nam a2200253Ia 4500
003 OSt
005 20240925123517.0
006 a|||||r|||| 00| 0
007 ta
008 220923b |||||||| |||| 00| 0 eng d
020 _a9788120346529
_c403.75
037 _b929, 10/03/2014, Shree kala Prakashan
_cGeneral Book
040 _aRTL
_cRTL
_beng
041 _2eng
_aeng
082 _aX:8F, Q2
100 _aBhattacharyya, Asish K.
_9308124
245 0 _aFinancial accounting for business managers
250 _a4th
260 _a New Delhi
_bPHI Learning
_c2012
300 _axxix, 748p.
_ccm.
500 _aAppendix: p 378-430; Glossary: p 431-446
942 _hX:8F, Q2
_cGB
_2CC
999 _c609463
_d609463